• 首页
  • 本馆介绍
  • 公告通知
  • 最新文献
  • 馆藏检索
  • 电子资源
  • 读者导购
  • 参考咨询
  • 我的图书馆
  • 登录
  • 详细信息显示
  • 放入我的书架
  • 预约/预借图书
  • 作者相关作品
  • 分类相关作品
  • 丛书相关作品
  • 出版社相关作品

书目信息

  • 表格格式
  • 工作单格式
  • 卡片格式
题名:
中国民俗文化
    
 
作者: 徐潜 主编 ;李从兴 , 臧笑飞 编著
分册:  
出版信息: 长春   吉林文史出版社  2014
页数: 204页
开本: 24cm
丛书名:
单 册:
中图分类: K892-49
科图分类:
主题词: 风俗习惯--Feng Su Xi Guan--中国--通俗读物
电子资源:
ISBN: 978-7-5472-1544-9
000 00857nam0 22002651 450
001 349791
005 20161010154909.18
010    @a978-7-5472-1544-9@dCNY26.00
100    @a20140530d2014 em y0chiy50 ea
101 0  @achi
102    @aCN@b220000
105    @aa z 000yy
106    @ar
200 1  @a中国民俗文化@AZhong Guo Min Su Wen Hua@f徐潜主编@g李从兴,臧笑飞编著
210    @a长春@c吉林文史出版社@d2014
215    @a204页@c图@d24cm
300    @a多姿多彩的风土人情
330    @a本书分为五个部分,内容包括:龙凤文化、生肖文化、信仰文化、岁时文化、丧葬文化。
606 0  @a风俗习惯@AFeng Su Xi Guan@y中国@j通俗读物
690    @aK892-49@v5
701  0 @a徐潜@AXu Qian@f(1957.11~)@4主编
702  0 @a李从兴@ALi Cong Xing@4编著
702  0 @a臧笑飞@AZang Xiao Fei@4编著
801  0 @aCN@bTANGWEI@20160802
905    @b0886780-4@dK892-49@e209@f5
    
    中国民俗文化/徐潜主编/李从兴,臧笑飞编著.-长春:吉林文史出版社,2014
    204页:图;24cm
    多姿多彩的风土人情
    
    ISBN 978-7-5472-1544-9:CNY26.00
    本书分为五个部分,内容包括:龙凤文化、生肖文化、信仰文化、岁时文化、丧葬文化。
●
相关链接 在E读中查询图书 在五车中查询图书 在当当中查询图书 在豆瓣中查询图书


正题名:中国民俗文化     索取号:K892-49/209         预约/预借

序号 登录号 条形码 馆藏地/架位号 状态 备注
1 0886780   208867804   第二样本阅览室/ [索取号:K892-49/209] 在馆    
2 0886781   208867813   第二借阅区/ [索取号:K892-49/209] 在馆    
3 0886782   208867822   第二借阅区/ [索取号:K892-49/209] 在馆    
4 0886783   208867831   第二借阅区/ [索取号:K892-49/209] 在馆    
5 0886784   208867840   史法系资料室/ [索取号:K892-49/209] 在馆    
唐山师范学院图书馆 欢迎您!
大连网信软件有限公司© 版权所有